Home Print Resources E-Books E-Journals IIMT Lecture Series Library Membership Form Book Recommendation Form Campus Tour Take AdmissionAbout Us Contact Us

AN INRODUCTION TO QUANTUM CHEMISRY (Record no. 40742)

000 -LEADER
fixed length control field 00430nam a22001697a 4500
003 - CONTROL NUMBER IDENTIFIER
control field OSt
005 - DATE AND TIME OF LATEST TRANSACTION
control field 20240316103040.0
008 - FIXED-LENGTH DATA ELEMENTS--GENERAL INFORMATION
fixed length control field 171016b xxu||||| |||| 00| 0 eng d
020 ## - INTERNATIONAL STANDARD BOOK NUMBER
International Standard Book Number NA
040 ## - CATALOGING SOURCE
Transcribing agency SEROSOFT
082 ## - DEWEY DECIMAL CLASSIFICATION NUMBER
Classification number 560.1
100 ## - MAIN ENTRY--PERSONAL NAME
Personal name SHARMA, S K
245 ## - TITLE STATEMENT
Title AN INRODUCTION TO QUANTUM CHEMISRY
Medium ENGLISH
260 ## - PUBLICATION, DISTRIBUTION, ETC.
Place of publication, distribution, etc. MEERUT
Name of publisher, distributor, etc. PRAGATI PRAKASHAN
Date of publication, distribution, etc. 2017
300 ## - PHYSICAL DESCRIPTION
Extent 2ND EDITIONI
Other physical details 355 PP.
942 ## - ADDED ENTRY ELEMENTS (KOHA)
Source of classification or shelving scheme
Koha item type Book Bank
Edition 2ND EDITION
Holdings
Withdrawn status Lost status Source of classification or shelving scheme Damaged status Not for loan Home library Current library Date acquired Source of acquisition Cost, normal purchase price Inventory number Full call number Barcode Date last seen Uniform Resource Identifier Cost, replacement price Price effective from Koha item type
          IIMT University Central Library Meerut IIMT University Central Library Meerut 10/16/2017 MEERUT PRAGATI PRAKASHAN 345.00 5934 DATED17 OCT 2017 560.1 01-B-125420 10/16/2017 Chemistry 345.00 10/16/2017 Book Bank
          IIMT University Central Library Meerut IIMT University Central Library Meerut 10/16/2017 MEERUT PRAGATI PRAKASHAN 345.00 5934 DATED17 OCT 2017 560.1 01-B-125421 10/16/2017 Chemistry 345.00 10/16/2017 Book Bank
IIMT, Central Library. All Rights Reserved IIMT,UNIVERSITY © 2023
Implemented and Customised by I CLOUDE EMS
You Are OPAC Visitor No
free web counter

Powered by Koha